All Bus Stops on London Bus Route 4 - Statistics

General Stats
  • This quiz has been taken 5 times
  • The average score is 34 of 64
Answer Stats
Answer % Correct
Angel Station
100%
Blackfriars Station
100%
Clerkenwell Road
100%
Islington Town Hall
100%
Aberdeen Park
67%
Aldersgate Street
67%
Angel Islington
67%
Archway Station
67%
Barbican Station
67%
City & Islington College
67%
City University
67%
Clerkenwell Road / Old Street
67%
Durham Road
67%
Finsbury Park Station
67%
Highbury Barn
67%
Highbury Corner
67%
Highbury Grove School / Baalbec Road
67%
Holloway / Nag's Head
67%
Holloway Road
67%
Hornsey Road
67%
Isledon Road
67%
Islington Green
67%
Little Britain
67%
London Wall
67%
Millennium Bridge
67%
New Change / Cannon Street
67%
Percival Street
67%
Riversdale Road
67%
Rock Street
67%
St Mary's Church
67%
St Paul's Road / Highbury Corner
67%
St Paul's Station
67%
Theberton Street
67%
Tufnell Park Station
67%
Whittington Hospital
67%
Acland Burghley School
33%
Angel Islington / City Road
33%
Baltic Street West
33%
Berriman Road
33%
Campdale Road
33%
Carleton Road
33%
Chester Road
33%
Dalmeny Road
33%
Dartmouth Park Road
33%
Finsbury Park Interchange
33%
Fonthill Road
33%
Gillespie Road
33%
Goswell Road / Great Sutton Street
33%
Hall Street
33%
Highbury Grange
33%
Highbury Grove School / Aberdeen Park
33%
Holloway Road / Camden Road
33%
Junction Road
33%
Magdala Avenue / Dartmouth Park Hill
33%
Monsell Road
33%
Pear Tree Street
33%
Seven Sisters Road / Nag's Head
33%
Seven Sisters Road / Parkhurst Road
33%
Sobell Centre
33%
Spencer Rise
33%
St Joan of Arc School
33%
St Paul's Road / Highbury Grove
33%
Tufnell Park Road / Odeon Cinema
33%
Upper Street / Laycock Street
33%
No matching quizzes found
Score Distribution
Percent of People with Each Score
Percentile by Number Answered
Your Score History
You have not taken this quiz